000 00663nam a2200241Ia 4500
005 20250425162227.0
008 250425s9999 xx 000 0 und d
020 _a9978431942
041 _aspa
082 _a629.2
100 _aRUEDA SANTANDER, JESUS
245 0 _aTECNICO EN MECANICA Y ELECTRONICA AUTOMOTRIZ: HISTORIA DEL AUTOMOVIL, MECANICA AUTOMOTRIZ
250 _a1A ED.
260 _aEcuador
_bDISELI
_c2003
260 _aGUAYAQUIL
300 _a283
650 _aCOMPONENTES DEL MOTOR
650 _aMOTORES DE AUTOMOVILES
650 _aSISTEMAS DE LUBRICACION
650 _aTECNOLOGIA AUTOMOVILISTICA
942 _c01
010 _a57968
999 _c224956
_d224956